| 000 | 00631nam a2200229Ia 4500 | ||
|---|---|---|---|
| 003 | OSt | ||
| 005 | 20220928135623.0 | ||
| 006 | a|||||r|||| 00| 0 | ||
| 007 | ta | ||
| 008 | 220927b |||||||| |||| 00| 0 eng d | ||
| 024 | _a3930 | ||
| 037 | _cTextual | ||
| 040 |
_aSDCL _cSDCL _beng |
||
| 041 |
_2eng _aeng |
||
| 082 | _aX:54p791,N83, M4 | ||
| 100 |
_aJorge Antonio _9492156 |
||
| 245 | 0 | _aTrade, debt and growth in Latin America | |
| 260 | _c1984 | ||
| 700 |
_a Carrillo Jorge Salazar _9492157 |
||
| 942 |
_hX:54p791,N83, M4 _cTEXL _2CC |
||
| 999 |
_c807638 _d807638 |
||